000 00332nam a22001457a 4500
020 _a9788131700648
082 _a658.4013 BES
100 _a Besterfield, Dale H.
_92647
245 _aQuality control
250 _a7th
260 _aIndia
_bPearson
_c2018
300 _aviii,519 P
650 _aQUALITY CONTROL
_9869
942 _cBK
999 _c576763
_d576763